| 000 | 00910nam a22002657a 4500 | ||
|---|---|---|---|
| 005 | 20220817043111.0 | ||
| 008 | 971010s r 00010 d | ||
| 010 | _a65710 | ||
| 011 | _a66682 | ||
| 035 | _a75323 | ||
| 090 | _aR-137 | ||
| 100 | 0 | 0 |
_aArroyo, Gonzalo. _97549 |
| 245 | _a·Qué son las empresas transnacionales agroalimentarias? | ||
| 500 | _a1992-69 | ||
| 500 | _aSobretiro de: Arroyo G. Agricultura y alimentos en América Latina. -- México, D. F. : UNAM, 1985. pp. 15-48 | ||
| 590 |
_aBATCH-UPD _b10 _c20130110 _lUCH01 _h0312 |
||
| 590 |
_aBATCH-UPD _b10 _c20130110 _lUCH01 _h1535 |
||
| 590 |
_aCONVERSION _b10 _c20130109 _lUCH01 _h1336 |
||
| 650 | 1 | 4 |
_aAlimentos _xAbastecimiento. |
| 650 | 1 | 4 |
_aEmpresas comerciales internacionales. _936653 |
| 700 | 0 |
_aRama, Ruth. _993797 |
|
| 700 | 0 |
_aRello Espinosa, Fernando. _995841 |
|
| 901 | _aBK | ||
| 949 |
_aR-137 _bZA _cLIBRO _d-8264 _eTS1 _i75323 _si |
||
| 999 |
_c65710 _d65710 |
||